000 00633nam a2200229Ia 4500
005 20250508164524.0
008 008 250505s9999 xx 000 0 hin d
020 _a978-0-86355-684-5
037 _aTextBook
040 _aFEDL
_beng
_cFEDL
041 _ahin
_2eng
084 _a370.1, KRI/R
_qFEDL
100 _aKrishnamurti J
245 0 _aHinsa se pare
260 _aVaranasi, India
_bKrishnamurti Foundation India
_c1997
300 _a160p.
365 _aINR
_b90
546 _aAcc. No. 083196 is MACESE book
650 _aEducational philosophy
942 _cTB
_h370.1, KRI/R
999 _c1389571
_d1389571